Statistics for 10 Biggest Cities in Malaysia

Click here to take the quiz!

General Stats

  • This quiz has been taken 10 times
  • The average score is 5 of 10

Answer Stats

RankPopulationCity% Correct
21,453,975Kuala Lumpur
90%
5802,489Johor Bahru
80%
7673,318Ipoh
50%
4833,571Kampung Baru Subang
40%
3879,867Klang
40%
10481,654Shah Alam
40%
11,459,994Kota Bharu
30%
8570,407Kuching
30%
9520,698Petaling Jaya
30%
6708,296Subang Jaya
20%

Score Distribution

Percentile by Number Answered

Percent of People with Each Score

Your Score History

You have not taken this quiz